El contrato de trabajo : comentarios a la ley de 21 de noviembre de 1931 / Juan de Hinojosa Ferrer comentarios a la ley de 21 de noviembre de 1931 / Juan de Hinojosa Ferrer
Descripción Física:
VIII, 257 p., [1] f. ; 20 cm
Materias:
Contractes de treball -- Espanya -- 1931
MARC
| LEADER | 00000nam a2200000Ia 4500 | ||
|---|---|---|---|
| 001 | 769 | ||
| 008 | 160829s1932 xx 000 0 cat d | ||
| 080 | |a D-1-127 | ||
| 100 | |a Hinojosa Ferrer, Juan de |9 20193 | ||
| 245 | |a El contrato de trabajo : |b comentarios a la ley de 21 de noviembre de 1931 / Juan de Hinojosa Ferrer | ||
| 260 | |a Madrid : |b Ed. Revista de Derecho Privado, |c 1932 | ||
| 300 | |a VIII, 257 p., [1] f. ; |c 20 cm | ||
| 650 | |a Contractes de treball |x Espanya |x 1931 |9 20194 | ||
| 901 | |a Arxiu | ||
| 942 | |n 1 | ||
| 952 | |0 0 |1 0 |4 0 |6 D1127 |7 1 |9 41484 |a Arxiu |b Arxiu |d 2016-12-01 |l 0 |o D-1-127 |p 769 |r 2016-12-01 00:00:00 |w 2016-12-01 |y ARXIU | ||
| 999 | |c 43292 |d 43292 | ||